000
00297nam a22001337a 4500
008
180109b xxu||||| |||| 00| 0 eng d
020
_a
9781853021763
041
_a
eng
080
_a
159.9
100
_a
49
101
_a
psi
245
_a
storymaking in bereavement
_c
glise.a
942
_2
udc
_c
BK
999
_c
39872
_d
39872